Účtování podnikatelů o kuponech Právní hledisko

Zložitosť témy "kupóny", prípadne kupónové hárky a talóny z hľadiska českej legislatívy o cenných papieroch (zákon č.591/1992 Sb. o cenných papieroch, v znení zák.č.89/1993 Sb. a časti ôsmej zák.č.331/1993 Sb.) a devízového zákona č.528/1990 Sb. Právna a účtovná stránka problému. Účtovanie kupónov:...

Descrizione completa

Salvato in:
Dettagli Bibliografici
Autore principale: Bernat, F.
Natura: Capitolo di libro
Lingua:ceco
Soggetti:
Tags: Aggiungi Tag
Nessun Tag, puoi essere il primo ad aggiungerne!!

MARC

LEADER 00000naa a2200000 4500
001 r015617
005 20221213083411.5
041 0 |a cze 
044 |a CZ 
245 1 0 |a Účtování podnikatelů o kuponech  |b Právní hledisko  |c F. Bernat 
520 |a Zložitosť témy "kupóny", prípadne kupónové hárky a talóny z hľadiska českej legislatívy o cenných papieroch (zákon č.591/1992 Sb. o cenných papieroch, v znení zák.č.89/1993 Sb. a časti ôsmej zák.č.331/1993 Sb.) a devízového zákona č.528/1990 Sb. Právna a účtovná stránka problému. Účtovanie kupónov: emisia, nákup a predaj kupónov. 
610 2 0 |a papiere cenné 
610 2 0 |a účtovanie 
610 2 0 |a zákony 
610 2 0 |a devízy 
610 2 0 |a Česko 
610 2 0 |a kupóny 
610 2 0 |a emisia 
610 2 0 |a nákup 
610 2 0 |a predaj 
100 1 |a Bernat, F.